000 01155nam a2200241Ia 4500
999 _c52854
_d52854
001 19884
003 GE_BSU
005 20200424153011.0
008 181216s1970||||ge |||||||||||||| ||geo||
040 _cGE_BSU
041 _ageo
080 _a811.353.1'282(075.8) ძ-63
100 _aძიძიგური, შოთა
_97974
245 _aქართული დიალექტოლოგიური ძიებანი :
_bდამხმ. სახელმძღვ. უნ-ტისა და პედ. ინ-ტის სტუდენტთათვის /
_cძიძიგური, შოთა ; რედ. ე. გელაშვილი.
264 _aთბილისი :
_bგანათლება,
_c1970.
300 _a271 გვ. ;
_c22 სმ.
541 _h2ლ.60თ.
653 _aქართული დიალექტოლოგიური ძიებანი
653 _aქართული ენა
653 _aქართული ენის დიალექტები
700 _aგელაშვილი, ე.
_eრედაქტორი
_97719
942 _cBK
_2udc